Normal view MARC view
  • Animales de la selva

Entry Materia

Number of records used in: 14

001 - NÚMERO DE CONTROL DEL REGISTRO

  • campo de control: 21432

003 - IDENTIFICADOR DE NUMERO DE CONTROL

  • campo de control: MX-MxUPN

005 - FECHA Y HORA DE LA ÚLTIMA TRANSACCIÓN

  • campo de control: 20230908114728.0

008 - DATOS DE LONGITUD FIJA

  • campo de control de longitud fija: 230908nn fnznnbabb n ana |d

035 ## - NÚMERO DE CONTROL DEL SISTEMA

  • Número de control del sistema: UPN10000021441

040 ## - FUENTE DE LA CATALOGACIÓN

  • Lengua de catalogación: SPA
  • Agencia de transcripción: UPN
  • Centro catalogador de origen: MX-MxUPN

150 ## - ENCABEZAMIENTO - TEMÁTICO

  • Término de materia o nombre geográfico como elemento inicial: Animales de la selva
  • Subdivisión de forma: Literatura infantil

670 ## - FUENTE EN LA QUE SE LOCALIZARON DATOS

  • Cita de la fuente: Autoridades LIBRUNAM, 8 septiembre 2023:
  • Enlace: (Animales de la selva)
  • Identificador Uniforme del Recurso: https://librunam.dgb.unam.mx/

670 ## - FUENTE EN LA QUE SE LOCALIZARON DATOS

  • Cita de la fuente: Autoridades BGTQ, 8 septiembre 2023:
  • Enlace: (Subdivisión de forma: Literatura infantil)

902 ## - CATALOGADOR

  • Catalogador: MMA/301112
  • Catalogador: VíctorGodínez/090923